000 00647nam a2200241Ia 4500
005 20260430150330.0
008 008 250103s9999 xx 000 0 eng d
037 _aTheses
040 _aCRL
040 _beng
040 _ceng
041 _2eng
041 _aeng
084 _qCRL
100 _aKaur Anmolpreet Au.; Devarakonda Balaganapathi Gu.
_91237169
245 0 _aConflict of Values in the Mahabharata: A Philosophical Analysis
260 _c2022
300 _a275
650 _aBiology; Plants
700 _aUniversity of Delhi. Faculty of Arts. Deptt. of Philosophy
_91237170
942 _cTH
999 _c1849532
_d1849532